| 000 | 00635nam a2200193Ia 4500 | ||
|---|---|---|---|
| 003 | GCL | ||
| 008 | 140319s9999 xx 000 0 ara d | ||
| 040 |
_aGCL / _cGCL |
||
| 082 | 0 | 4 |
_a822.008 _bو ك |
| 100 | 1 | _aورثى, جون جولز | |
| 245 | 1 | 0 |
_aكفاح : مسرحية من ثلاث فصول / _cورثى, جون جولز |
| 700 | 1 | _aدواد حلمى احمد السيد | |
| 700 | 1 | _aعبدالعظيم درويش | |
| 300 | _a136 | ||
| 490 |
_aالالف كتاب _v0 |
||
| 650 | 0 | 4 | _aالادب الانجليزى المترجم |
| 650 | 0 | 4 | _aالمسرحيات الانجليزية المترجمة |
| 942 |
_2ddc _cBK |
||
| 999 |
_c43588 _d43588 |
||